History Quiz

Random History or Clickable Quiz

Forbes 25 Most Powerful People 2015 Quiz Stats

 Plays Quiz not verified by Sporcle

Challenge
Share
Tweet
Embed
Score 0/25 Timer 10:00
0 Plays Today
% Correct
Barack Obama
98%
Bill Gates
94.9%
Angela Merkel
92.9%
Vladimir Putin
91.9%
Pope Francis
89.9%
Mark Zuckerberg
85.9%
Warren Buffett
81.8%
Xi Jinping
79.8%
David Cameron
78.8%
Charles & David Koch (joint entry)
78.8%
Sergey Brin & Larry Page (joint entry)
74.7%
Francois Hollande
74.7%
Abdullah bin Abdul Aziz Al Saud
71.7%
% Correct
Michael Bloomberg
68.7%
Ali Hoseini-Khamenei
64.6%
Jeff Bezos
61.6%
Timothy Cook
55.6%
Carlos Slim Helu
52.5%
Narendra Modi
51.5%
Janet Yellen
48.5%
Li Keqiang
41.4%
Mario Draghi
38.4%
Jamie Dimon
35.4%
Jeffrey Immelt
28.3%
Rex Tillerson
20.2%

You're not logged in!

Compare scores with friends on all Sporcle quizzes.
Join for Free
OR
Log In

You Might Also Like...

Show Comments

Extras

Top Quizzes Today


Score Distribution

Your Account Isn't Verified!

In order to create a playlist on Sporcle, you need to verify the email address you used during registration. Go to your Sporcle Settings to finish the process.

Report this User

Report this user for behavior that violates our Community Guidelines.

Details: